| 000 | 01361nam a2200289Ia 4500 | ||
|---|---|---|---|
| 003 | Ost | ||
| 005 | 20260507075115.0 | ||
| 008 | 260507s9999||||xx |||||||||||||| ||und|| | ||
| 020 | _a2715621977 | ||
| 040 | _cfsecg | ||
| 041 | _aara | ||
| 082 | _a658.452 | ||
| 100 |
_aفيشر، جوديت أي _eمؤلف |
||
| 245 | 0 |
_aفن إدارة الإختلاف دليل المفاوض الفعال / _c جوديت أي فيشر |
|
| 246 | _a Negotiating for business results. Arabic | ||
| 260 |
_aالقاهرة: _bمركز الخبرات المهنية للإدارة, _c1997 |
||
| 300 |
_a144 صفحة؛ _bإيضاحات ؛ _c18 سم |
||
| 490 |
_aسلسلة مكتبة رجال الأعمال _v2 |
||
| 520 | _aماهو التفاوض في اطار فن إدارة الإختلاف؟- عناصر التفاوض من أجل الإتفاق- عملية إدارة الإختلاف عن طريق التفاوض- الإعداد للتفاوض-إستخدام المهارات الإتصالية في التفاوض- إستخدام أساليب التفاوض- تفاوض المحترفين | ||
| 653 | _aإدارة الأعمال | ||
| 653 | _aالسلوك الإداري | ||
| 653 | _aالمفاوضات | ||
| 653 | _aالنزاعات | ||
| 653 | _aمهارات الاتصال | ||
| 700 |
_aعلا، أحمد _eمؤلف ثانوي |
||
| 942 | _cكتاب | ||
| 999 |
_c43000 _d43000 |
||